000 00762cab a22001935a 4500
001 L152898
008 110511e20110506xxk 000 0 eng d
035 _a(Sirsi) u152898
041 0 _aeng
100 1 _aTolson, Simon
245 0 0 _aTeCSA rules! OK?
260 _c2011
490 _aBuilding
_v276 (8677) 6 May 2011, 43(1)
520 _aIntroduces version 3 of the Technology and Construction Solicitors Association's (TeCSA) Adjudication Rules which is in line with changes to the legislation anticipated next year and current best practice.
590 _aKA
651 4 _aUnited Kingdom
_y
690 _aMANAGEMENT-DISPUTE AVOIDANCE, MANAGEMENT AND RESOLUTION-DISPUTE MANAGEMENT AND RESOLUTION-ALTERNATIVE DISPUTE RESOLUTION-ADJUDICATION
942 _n0
999 _c83142
_d83142